01568nam a2200361 a 4500001001000000003000500010005001700015008004100032010001100073011001100084040000900095090001000104100004400114245015400158260004100312500006000353502006800413590004100481590004100522590004000563590004000603590004000643650003800683650005700721650004000778856007000818901000700888942001000895942000600905999001900911952014000930952013601070000113508CHAP20220817044736.0170726s2016 mx a fsm |||||||spa d a109969 a110941 cCHAP aTesis1 aVelázquez Flores, Mayra Itzel913286010aPropuesta de manejo de la zona forestal de Santa Catarina del Monte, Texcoco, Estado de México /h[En línea]cpor Mayra Itzel Velázquez Flores. aChapingo, Méx. :bEl autor,c2016. aPara ver el contenido del material haga clic en la liga aTesis (Ing.Forestal) -- UACH. División de Ciencias Forestales aE11695DGDb10c20170727lUCH01h1034 aE11695DGDb10c20170727lUCH01h1034 aE8697GMMb05c20170726lUCH01h1442 aE8697GMMb05c20170726lUCH01h1457 aE8697GMMb05c20170727lUCH01h090514aBosquesxAdministración.91400314aRecursos naturalesxAprovechamientozMéxico(Edo.).14aZonificación ecológica.9124145 aFinding aiduhttp://10.13.5.2/tesis/sist113508.pdfzTeclea aquí aBK cTESIS n0 c109969d109969 00102local4053708TESISaBCbBCcPA_TESISd2017-07-26fTESISl0oTesisp33724002530983r2019-12-31 00:00:00tc.2w2019-12-31yTESIS 00104054718TESISaBCbBCd2017-07-26fTESISl0oTesisp33724002531025r2019-12-31 00:00:00w2019-12-31yTESISzRecien adquirido